000 00416nam a2200145Ia 4500
008 100415s9999 xx 000 0 und d
082 _b19544
_a598.2(70)
100 _aBent,A.C
245 _aLife Histories Of North America...
260 _aWASHIGTON
_c1926
_bSMITHONIAN INSTITUTION
365 _b0
630 _aLife Histories Of North America...
730 _aLife Histories Of North America...
942 _cBOOK
999 _c602441
_d602438